Statistics for Thor Film Series Characters Quiz

Click here to take the quiz!

General Stats

  • This quiz has been taken 99 times
    (83 since last reset)
  • The average score is 35 of 59

Answer Stats

HintAnswer% Correct
God of thunderThor Odinson
100%
God of mischiefLoki Laufeyson
98%
King of AsgardOdin
98%
Astrophysicist and Thor’s girlfriendJane Foster
97%
Controlled the BifrostHeimdall
89%
Leader of the Guardians of the GalaxyStar Lord
88%
ArcherHawkeye
86%
Guardian of the GalaxyDrax
85%
Odin’s first bornHela
85%
Strongest avengerHulk
85%
Guardian of the GalaxyRocket
85%
Guardian of the GalaxyGroot
83%
Greek god of thunder and lightningZeus
83%
Student of political scienceDarcy Lewis
80%
Guardian of the GalaxyNebula
80%
Above’s real namePeter Quill
80%
Queen of AsgardFrigga
79%
Above’s nameClint Barton
77%
Above’s nameBruce Banner
76%
Director of SHIELDNick Fury
76%
Big pile of rocksKorg
74%
Guardian of the GalaxyMantis
74%
Asgardian warriorSif
74%
Dark elfMalekith
73%
God butcherGorr
68%
Above’s superhero nameThe Mighty Thor
67%
Agent of SHIELDPhil Coulson
65%
Destroyer of AsgardSurtur
64%
King of AsgardValkyrie
64%
SorcererDoctor Stephen Strange
62%
Leader of SakaarGrandmaster
61%
King of the Frost GiantsLaufey
61%
Zeus’ sonHercules
59%
Above’s friendMiek
59%
Astrophysicist who later works for SHIELDErik Selvig
56%
Given the reality stoneCollector
55%
Member of the Warriors ThreeFandral
50%
Member of the Warriors ThreeHogun
45%
Gorr’s daughterLove
45%
Executioner for HelaSkurge
45%
Protector of Odin’s vaultThe Destroyer
44%
Member of the Warriors ThreeVolstagg
42%
Guardian of the GalaxyKraglin
41%
WolfFenris
39%
Heimdall’s sonAxl
38%
Odin’s fatherBor
35%
God who Gorr was trying to findEternity
32%
SHIELD technician secretly working for HYDRAJasper Sitwell
32%
Malekith’s lieutenantKurse
32%
Korg’s loveDwayne
29%
Above’s nameTanleer Tivan
29%
Above’s bodyguardTopaz
27%
Collector’s assistantCarina
24%
Darcy’s boyfriendIan Boothby
23%
Above’s nameAlgrim
18%
GoatToothgrinder
17%
GoatToothgnasher
15%
Gorr’s godRapu
11%
Gives Thor the goatsKing Yakan
8%

Score Distribution

Percentile by Number Answered

Percent of People with Each Score

Your Score History

You have not taken this quiz since the last reset